Normal view
MARC view
- العلوم - الهندسة البشرية
Entry Topical Term
001 - CONTROL NUMBER
- control field: 34432
003 - CONTROL NUMBER IDENTIFIER
- control field: JO-AjAnu
005 - DATE AND TIME OF LATEST TRANSACTION
- control field: 20230606075752.0
008 - FIXED-LENGTH DATA ELEMENTS
- fixed length control field: 230606|| aca||aabn | a|a d
040 ## - CATALOGING SOURCE
- Original cataloging agency: JO-AjAnu
- Transcribing agency: JO-AjAnu
150 ## - HEADING--TOPICAL TERM
- Topical term or geographic name entry element: العلوم - الهندسة البشرية
670 ## - SOURCE DATA FOUND
- Source citation: Work cat.: (JO-AjAnu)17685: السالمي ، علاء عبد الرزاق محمد حسن , author 34431, المدخل للحوسبة البشرية الحوسبة البشرية غير المباشرة والمباشرة وحوسبة العقل الانساني